LIBRARY & INFORMATION CENTRE, KCAET, TAVANUR

ONLINE PUBLIC ACCESS CATALOGUE (OPAC)

Textbook of fluid mechanics and hydraulic machines (Record no. 14093)

MARC details
000 -LEADER
fixed length control field 00298nam a22001217a 4500
020 ## - INTERNATIONAL STANDARD BOOK NUMBER
ISBN 9788121916660
082 ## - DEWEY DECIMAL CLASSIFICATION NUMBER
Classification number 532
Item number RAJ/TE
100 ## - MAIN ENTRY--AUTHOR NAME
Personal name Rajput, R.K
245 ## - TITLE STATEMENT
Title Textbook of fluid mechanics and hydraulic machines
250 ## - EDITION STATEMENT
Edition statement Rev
260 ## - PUBLICATION, DISTRIBUTION, ETC. (IMPRINT)
Place of publication New Delhi
Name of publisher S.Chand & Co.
Year of publication 2014
942 ## - ADDED ENTRY ELEMENTS (KOHA)
Koha item type Books
Holdings
Withdrawn status Lost status Damaged status Collection code Home library Current library Shelving location Date acquired Cost, normal purchase price Full call number Accession Number Koha item type
        KAUAET KAUAET General Stacks 31/03/2014 850.00 532 RAJ/TE 24461 Books
        KAUAET KAUAET General Stacks 31/03/2014   532 RAJ/TE 24462 Books
free website counter